Darts Major Gewinner 2025 - Statistiken

Allgemein
  • Dieses Quiz wurde 344 mal gespielt
  • Das Durchschnittsergebnis liegt bei 10 aus 11
Antwortstatistiken
Turnier Spieler % Korrekt
PDC World Darts Championship Luke Littler
100%
Premier League Darts Luke Humphries
94%
UK Open Luke Littler
92%
World Matchplay Luke Littler
91%
Grand Slam of Darts Luke Littler
91%
Players Championship Finals Luke Littler
91%
World Masters Luke Humphries
90%
World Grand Prix Luke Littler
90%
World Cup of Darts Josh Rock & Daryl Gurney
79%
World Series of Darts Finals Michael van Gerwen
78%
European Darts Championship Gian van Veen
77%
Keine übereinstimmenden Quizze gefunden
Verteilung der Resultate
Anzahl Personen mit jedem Resultat
Perzentil nach korrekt beantworteten Fragen
Ihre Resultats-Entwicklung
Sie haben dieses Quiz noch nicht gespielt